Khởi nguồn của hành phúc: Tình yêu trong trai tim nữ giới

محفوظ في:
التفاصيل البيبلوغرافية
التنسيق: كتاب
اللغة:Undetermined
منشور في: Hà Nội Lao động Xã hội 2007
الموضوعات:
الوسوم: إضافة وسم
لا توجد وسوم, كن أول من يضع وسما على هذه التسجيلة!
Thư viện lưu trữ: Trung tâm Học liệu Trường Đại học Cần Thơ
LEADER 00585nam a2200181Ia 4500
001 CTU_128452
008 210402s9999 xx 000 0 und d
020 |c 30000 
082 |a 305.4 
082 |b Kh462 
245 0 |a Khởi nguồn của hành phúc: Tình yêu trong trai tim nữ giới 
245 0 |c Phạm Thị Tuyết (tuyển chọn và giới thiệu) 
260 |a Hà Nội 
260 |b Lao động Xã hội 
260 |c 2007 
650 |a Social life,Women 
904 |i Hiếu 
980 |a Trung tâm Học liệu Trường Đại học Cần Thơ